00650 2200193 4500001002100000005001500021035002000036245019800056100002000254250001000274300002500284006001800309008003900327260004600366082000700412084001300419600001000432990001400442INLIS00000000001004320260603014804 a0010-06260000021 aINOVASI TAPD SMARTSHARE DALAM MENINGKATKAN EFISIENSI KOORDINASI PENYUSUN ANGGARAN PENDAPATAN DAN BELANJA DAERAH DI BADAN KEUANGAN DAN ASET DAERAH KABUPATEN KOTAWARINGIN TIMUR /cMOJANG PRIHATIN0 aMOJANG PRIHATIN aCet 1 axii, 83 hlm :bilus.a 260603 | | |  aPalangka Raya :bPerpustakaan UMPR,c2025 a81 a81 MOJ i 4aTESIS a238122093